000 00716nam a2200217Ii 4500
003 JO-AjNU
008 230605s9999||||xx |||||||||||||| ||und||
040 _aJO-AjNU
_bara
_erda
_cJO-AjNU
041 _aara
050 1 4 _aDS63.5.B4722 1981
100 3 _aالبيطار، نديم,
_eauthor
_97458
245 0 0 _aحدود الإقليمية الجديدة
250 _aط1
264 3 1 _aبيروت: معهد الانماء العربي، 1981
300 _a213ص
336 _atext
_btxt
_2rdacontent
337 _aunmediated
_bn
_2rdamedia
338 _avolume
_bnc
_2rdacarrier
490 0 _aالتاريخ الاجتماعي للوطن العربي
650 4 _aوحدة عربية، قومية عربية
_97459
999 _aA289
_c3857
_d3857